000 00785nam a2200217Ia 4500
001 11279
003 GE_BSU
008 181216s||||||||xx |||||||||||||| ||und||
040 _cGE_BSU
080 _a581.1(075.8)
100 _aრასკატოვი პ.ბ.
245 _aმცენარეთა ფიზიოლოგიის საფუძვლებით
245 _cრედ: ალ. ბერიძე მთარგმ. ა. თაგაური
260 _aთბილისი.
260 _bსას-სამ. ინ-ტის გამ-ბა
260 _c1958
300 _a401გვ.24სმ.
300 _eილ.
653 _aმცენარეთა ფიზიოლოგიის საფუძვლებით
942 _cBK
999 _c44481
_d44481